000 00251nam a22001097a 4500
082 _a669 DIF'A
100 _aAMERICAN SOCIETY
_942369
245 _aDIFFUSION IN BODY CENTERED CUBIC METALS
260 _aOHIO
_bASM
_c1965
300 _a426P
942 _cBK
999 _c585161
_d585161